000 00853nam a2200301 i 4500
003 DO-SdBNP
005 20240705114839.0
007 ta
008 240705b1993 sp ||||| |||| 00| 0 spa d
020 _a8434410990
040 _aDO-SdBNP
_bspa
_cBNPHU
_erda
049 _aBNGR
082 4 _a170
_bS266e
_222
100 1 _aSavater, Fernando.
_917672
_eautor
245 1 0 _aÉtica para Amador /
_cFernando Savater.
250 _a19a edición
264 _aBarcelona :
_bAriel,
_c1993.
300 _a189 páginas ;
_c20 cm.
336 _2rdacontent
_atexto
_btxt
337 _2rdamedia
_asin mediación
_bn
338 _2rdacarrier
_avolumen
_bnc
490 1 _aAriel
_v101
500 _aIncluye listado de obras de la colección en ambas solapas
590 _aInventariado, 2024/BT
650 4 _aÉtica
_9509
910 _aBtavárez
942 _2ddc
_cLBS1
999 _c57186
_d57186